01006nam a22002535i 4500001000700000003000900007005001700016008004100033040002000074080001200094100004400106245007400150260006400224300007100288490003200359594004100391650002100432700004300453830004000496852005400536942001900590999001900609952012400628160287ES-MaACL20250714063115.0040920s1888 fr acf |||| | fre d aCAM bspa cCAM a159.9621 aMoutin, Lucien,d1854-1913eaut913025713aLe nouvel hypnotisme / cpar L. Moutin ; [ilustrations de P. Maurou]. aParis : bPerrin et Cie., c1888f(Imp. E. Capiomont et C.) a220 páginas, [3] hojas de láminas : bilustraciones ; c19 cm.1 aBibliothèque acadèmique aDatos de il. y serie tomados de cub.04aHipnosis.9133631 9241272aMaurou, Paul, d1848-1931eill 0aBibliothèque acadèmique9222037 aES-MaACLcSVIfSello RodahDonativo RodajD-1005  2udccMONANTn0 c160287d160287 00102udc40708LIBXIXaATENEOMbATENEOMcSVId2008-01-17eDONACIONl0oD-1005p901167832r2023-02-23 00:00:00yMONANT